Class, status and power: Social stratification in Comparative Perspective (Record no. 624271)

MARC details
000 -LEADER
fixed length control field 00763nam a2200241Ia 4500
003 - CONTROL NUMBER IDENTIFIER
control field OSt
005 - DATE AND TIME OF LATEST TRANSACTION
control field 20260218113905.0
008 - FIXED-LENGTH DATA ELEMENTS--GENERAL INFORMATION
fixed length control field 220923b |||||||| |||| 00| 0 eng d
037 ## - SOURCE OF ACQUISITION
Terms of availability General Book
040 ## - CATALOGING SOURCE
Original cataloging agency RTL
Transcribing agency RTL
Language of cataloging eng
041 ## - LANGUAGE CODE
Source of code eng
Language code of text/sound track or separate title eng
084 ## - COLON CLASSIFICATION NUMBER
Classification number Y5.73.N5 J4;K6/TD
Assigning agency RTL
100 ## - MAIN ENTRY--PERSONAL NAME
Personal name Bendix Reinhard
9 (RLIN) 92120
245 #0 - TITLE STATEMENT
Title Class, status and power: Social stratification in Comparative Perspective
250 ## - EDITION STATEMENT
Edition statement 2
260 ## - PUBLICATION, DISTRIBUTION, ETC.
Place of publication, distribution, etc. New York
Name of publisher, distributor, etc. Free Press
Date of publication, distribution, etc. 1966
300 ## - PHYSICAL DESCRIPTION
Extent xviii, 677 p.
Other physical details includes bibliographical references and index
650 ## - SUBJECT ADDED ENTRY--TOPICAL TERM
Topical term or geographic name entry element Social Stratification
9 (RLIN) 229881
700 ## - ADDED ENTRY--PERSONAL NAME
Personal name Lipset Seymour Martin
9 (RLIN) 92942
760 ## - MAIN SERIES ENTRY
Edition 2nd
942 ## - ADDED ENTRY ELEMENTS (KOHA)
Classification part Y5.73.N5 J4;K6/TD
Koha item type Textbook
Source of classification or shelving scheme Colon Classification (CC)
Suppress in OPAC No
Holdings
Withdrawn status Lost status Source of classification or shelving scheme Damaged status Not for loan Home library Current library Date acquired Total Checkouts Full call number Barcode Date last seen Date last checked out Price effective from Koha item type
    Colon Classification (CC)     Ratan Tata Library Ratan Tata Library 2022-09-26 1 Y5.73.N5 J4;K6/TD RT0056953 2026-02-14 2026-02-13 2022-09-26 Textbook
Copyright @ Delhi University Library System